Architectural details - stairs / (Record no. 353639)
[ view plain ]
| 000 -LEADER | |
|---|---|
| fixed length control field | 01067nam a2200253 a 4500 |
| 001 - CONTROL NUMBER | |
| control field | ASIN3938780460 |
| 003 - CONTROL NUMBER IDENTIFIER | |
| control field | OSt |
| 005 - DATE AND TIME OF LATEST TRANSACTION | |
| control field | 20180116192414.0 |
| 008 - FIXED-LENGTH DATA ELEMENTS--GENERAL INFORMATION | |
| fixed length control field | 130207s2008 xxu eng d |
| 020 ## - INTERNATIONAL STANDARD BOOK NUMBER | |
| International Standard Book Number | 9783938780466 (hardcover) |
| Terms of availability | $37.50 |
| 020 ## - INTERNATIONAL STANDARD BOOK NUMBER | |
| International Standard Book Number | 9783938780466 (hardcover) |
| 040 ## - CATALOGING SOURCE | |
| Transcribing agency | 0 |
| 082 ## - DEWEY DECIMAL CLASSIFICATION NUMBER | |
| Classification number | 721.832 |
| 100 ## - MAIN ENTRY--PERSONAL NAME | |
| Personal name | Braun,Markus Sebastian |
| 9 (RLIN) | 6301 |
| 245 10 - TITLE STATEMENT | |
| Title | Architectural details - stairs / |
| Statement of responsibility, etc. | Markus Sebastian Braun. |
| 260 ## - PUBLICATION, DISTRIBUTION, ETC. | |
| Place of publication, distribution, etc. | [S.l.] : |
| Name of publisher, distributor, etc. | Verlagshaus Braun, |
| Date of publication, distribution, etc. | 2008. |
| 300 ## - PHYSICAL DESCRIPTION | |
| Extent | 160 p. ; |
| Dimensions | 25 cm. |
| 520 ## - SUMMARY, ETC. | |
| Summary, etc. | First of all: Stairs are an essential structure for crossing height differences ? whether dynamic or elegant, modern or traditional, narrow or spacious. But beside this function as an article of daily use stairs are also a medium to express a specific way. |
| 650 ## - SUBJECT ADDED ENTRY--TOPICAL TERM | |
| Topical term or geographic name entry element | Stairs |
| General subdivision | architecture |
| 9 (RLIN) | 6302 |
| 700 1# - ADDED ENTRY--PERSONAL NAME | |
| Personal name | Braun, Markus Sebastian. |
| 9 (RLIN) | 6303 |
| 856 40 - ELECTRONIC LOCATION AND ACCESS | |
| Materials specified | Amazon.com |
| Uniform Resource Identifier | <a href="http://www.amazon.com/exec/obidos/ASIN/3938780460/chopaconline-20">http://www.amazon.com/exec/obidos/ASIN/3938780460/chopaconline-20</a> |
| 942 ## - ADDED ENTRY ELEMENTS (KOHA) | |
| Source of classification or shelving scheme | |
| Koha item type | Book |
| Withdrawn status | Lost status | Source of classification or shelving scheme | Damaged status | Not for loan | Permanent Location | Current Location | Date acquired | Total Checkouts | Full call number | Barcode | Date last seen | Copy number | Cost, replacement price | Price effective from | Koha item type |
|---|---|---|---|---|---|---|---|---|---|---|---|---|---|---|---|
| School of Art Design and Architecture (SADA) | School of Art Design and Architecture (SADA) | 08/27/2012 | 721.832 BRA 2008 | SADA0001828 | 01/05/2017 | 1 | 1359.00 | 01/05/2017 | Book |
